Cuestión social y políticas sociales en el Estado empresario: reflexiones históricas para el trabajo social costarricense /

Se estudian las expresiones de la lucha de la clase trabajadora en el período del Estado empresario: igualmente, se abordan las manifestaciones de la política social ante las agudizaciones de la "cuestión social". Lo anterior como mediaciones históricas expresadas en la institucionalizació...

Disgrifiad llawn

Wedi'i Gadw mewn:
Manylion Llyfryddiaeth
Prif Awdur: Esquivel Corella, Freddy
Fformat: Texto
Pynciau:
Tagiau: Ychwanegu Tag
Dim Tagiau, Byddwch y cyntaf i dagio'r cofnod hwn!

MARC

LEADER 00000 a a2200000 04500
001 13751
003
040
100 |a Esquivel Corella, Freddy  
245 |a Cuestión social y políticas sociales en el Estado empresario:   |b reflexiones históricas para el trabajo social costarricense /  |c Freddy Esquivel Corella 
520 |a Se estudian las expresiones de la lucha de la clase trabajadora en el período del Estado empresario: igualmente, se abordan las manifestaciones de la política social ante las agudizaciones de la "cuestión social". Lo anterior como mediaciones históricas expresadas en la institucionalización del Trabajo Social en Costa Rica  
650 |a POLITICA SOCIAL  
650 |a ESTADO  
650 |a TRABAJO SOCIAL  
650 |a MOVIMIENTOS SOCIALES  
650 |a CLASE OBRERA  
650 |a LUCHA DE CLASES  
650 |a ANALISIS HISTORICO  
650 |a COSTA RICA  
650 |a SALARIOS  
650 |a DESEMPLEO  
650 |a HUELGAS  
650 |a DEUDA EXTERNA  
773 |g volumen 87, número 1; páginas 9-24  
999 |c 34135  |d 34135